Central Library OPAC University of Rajshahi

Theory and practice in human services / (Record no. 49676)

MARC details
000 -LEADER
fixed length control field 01441nam a2200361 a 4500
001 - CONTROL NUMBER
control field 49676
003 - CONTROL NUMBER IDENTIFIER
rucl marc code BD-RjUL
005 - DATE AND TIME OF LATEST TRANSACTION
control field 20211209054719.0
008 - FIXED-LENGTH DATA ELEMENTS--GENERAL INFORMATION
fixed length control field 160822s2000 enk b 001 0 eng
020 ## - INTERNATIONAL STANDARD BOOK NUMBER
International Standard Book Number 0335204260 (HB)
International Standard Book Number 0335204252 (PB)
035 ## - SYSTEM CONTROL NUMBER
System control number (BD-RjUL)49796
040 ## - CATALOGING SOURCE
Original cataloging agency DLC
Transcribing agency DLC
Modifying agency DLC
-- BD-RjUL
Language of cataloging eng
041 ## - LANGUAGE CODE
Language code of text/sound track or separate title eng
082 00 - DEWEY DECIMAL CLASSIFICATION NUMBER
Classification number 361.007
Edition number 23
Author mark and year THT 2000
100 1# - MAIN ENTRY--PERSONAL NAME
Personal name Thompson, Neil,
Dates associated with a name 1955-
9 (RLIN) 148946
245 10 - TITLE STATEMENT
Title Theory and practice in human services /
Statement of responsibility, etc. Neil Thompson.
260 ## - PUBLICATION, DISTRIBUTION, ETC. (IMPRINT)
Place of publication, distribution, etc. Philadelphia :
Name of publisher, distributor, etc. Open University Press,
Date of publication, distribution, etc. c2000
300 ## - PHYSICAL DESCRIPTION
Pagination x, 168 p. ;
Size 24 cm.
500 ## - GENERAL NOTE
General note Rev. ed. of: Theory and practice in health and social welfare. 1995.
504 ## - BIBLIOGRAPHY, ETC. NOTE
Bibliography, etc Includes bibliographical references (p.152-160) and index.
650 #0 - SUBJECT ADDED ENTRY--TOPICAL TERM
Topical term or geographic name as entry element Social service
General subdivision Research.
9 (RLIN) 148947
Topical term or geographic name as entry element Human services
General subdivision Research.
9 (RLIN) 148948
Topical term or geographic name as entry element Social service
General subdivision Philosophy.
9 (RLIN) 148949
Topical term or geographic name as entry element Human services
General subdivision Philosophy.
9 (RLIN) 148950
Topical term or geographic name as entry element Social work education.
9 (RLIN) 148951
700 1# - ADDED ENTRY--PERSONAL NAME
Personal name Thompson, Neil,
Dates associated with a name 1955-
856 42 - ELECTRONIC LOCATION AND ACCESS
Materials specified Publisher description
Uniform Resource Identifier <a href="http://www.loc.gov/catdir/description/mh051/99037620.html">http://www.loc.gov/catdir/description/mh051/99037620.html</a>
Materials specified Contributor biographical information
Uniform Resource Identifier <a href="http://www.loc.gov/catdir/bios/mh051/99037620.html">http://www.loc.gov/catdir/bios/mh051/99037620.html</a>
Materials specified Table of contents
Uniform Resource Identifier <a href="http://www.loc.gov/catdir/toc/mh051/99037620.html">http://www.loc.gov/catdir/toc/mh051/99037620.html</a>
942 ## - ADDED ENTRY ELEMENTS (KOHA)
Source of classification or shelving scheme Dewey Decimal Classification
Koha item type Books
Holdings
Lost status Source of classification or shelving scheme Damaged status Not for loan Collection code Permanent Location Current Location Shelving location Date acquired Source of acquisition Cost, normal purchase price Total Checkouts Full call number Date last seen Copy number Koha item type
  Dewey Decimal Classification     Non-fiction Central Library, University of Rajshahi Central Library, University of Rajshahi   14/09/2008 Paragon Enterprise Lit., Dhaka 21.99   361.007 THT 2000 22/08/2016 C-2 Books
  Dewey Decimal Classification   Not For Loan Non-fiction Central Library, University of Rajshahi Central Library, University of Rajshahi Reading Room 10/02/2008 Dhaka, Paragon Enterprises Ltd. 20.89   361.007 THT 2000 26/12/2016 C-1 Books